Utváření pracovní doby v podniku.

Prednosti pružnej pracovnej doby pri kombinácii rôznych foriem pracovnej doby. Model "šetri čas" uplatnený v SRN firmou Hewlett-Packard. Komplexné modely spočívajúce na integrácii rôznych prvkov pracovnej doby. Príklad časovo autonómnych skupín.

Salvato in:
Dettagli Bibliografici
Autore principale: Vítek, M.
Natura: Capitolo di libro
Lingua:ceco
Soggetti:
Tags: Aggiungi Tag
Nessun Tag, puoi essere il primo ad aggiungerne!!

MARC

LEADER 00000naa a2200000 4500
001 r002222
005 20220819181205.7
041 0 |a cze 
044 |a [CS] 
245 1 0 |a Utváření pracovní doby v podniku.  |c M. Vítek 
520 |a Prednosti pružnej pracovnej doby pri kombinácii rôznych foriem pracovnej doby. Model "šetri čas" uplatnený v SRN firmou Hewlett-Packard. Komplexné modely spočívajúce na integrácii rôznych prvkov pracovnej doby. Príklad časovo autonómnych skupín. 
610 2 0 |a doba pracovná 
610 2 0 |a podnik 
610 2 0 |a čas pracovný pohyblivý 
610 2 0 |a Nemecko 
610 2 0 |a využitie času pracovného 
610 2 0 |a modely 
100 1 |a Vítek, M.